000
00316nam a22001457a 4500
008
210305b ||||| |||| 00| 0 eng d
020
_a
9780073379241
041
_a
eng
080
_2
4th
_a
7
082
_a
7
100
_a
44
101
_a
ART
245
_a
Launching the Imagination
_c
Stewart, M
942
_2
udc
_c
BK
999
_c
55853
_d
55853